| 000 | 00968nas a2200301 4500 | ||
|---|---|---|---|
| 001 | BR2014005351 | ||
| 003 | BR-BrBNA | ||
| 005 | 20231205124422.0 | ||
| 007 | ta | ||
| 008 | 230509b bl.|||p| |||| 00| 00por d | ||
| 040 |
_aBR-BrBNA _bpor _cBiblioteca Nacional de Agricultura |
||
| 041 | _a(En) | ||
| 072 | _aM40; L53 | ||
| 100 | 1 | _aLopes, C.A. | |
| 100 | 1 | _aGarcia, V. | |
| 100 | 1 | _aReynalte-Tataje, D.A. | |
| 100 | 1 | _aZaniboni-Filho, E. | |
| 100 | 1 | _aNuñer, A.P. de O. | |
| 245 | 1 | _aTemporal distribution of ichthyoplankton in the Forquilha river, upper Uruguay river - Brazil: relationship with environmental factors | |
| 650 | _aPEIXE | ||
| 650 | _aLARVA | ||
| 650 | _aOVOGENESE | ||
| 650 | _aREPRODUÇÃO ANIMAL | ||
| 650 | _aVARIAÇÃO SAZONAL | ||
| 773 | 0 |
_tActa Scientiarum. Biological Sciences (Brazil) _xISSN 1679-9283 _g(Jan-Mar 2014), v. 36(1) p. 59-65 _wBR2014005351 |
|
| 909 |
_a202311 _bLúcia _c55 _dLúcia Elande |
||
| 942 |
_2AGRIS _n0 _cANA |
||
| 999 |
_c238976 _d238976 |
||